Effective small business management : An entrepreneurial approach
The book presents the material needed to manage a small business and grow that business in a competitive world
Bewaard in:
| Hoofdauteur: | |
|---|---|
| Formaat: | Boek |
| Taal: | Undetermined |
| Gepubliceerd in: |
Upper Saddle River, New Jersey
Prentice-Hall
2003
|
| Onderwerpen: | |
| Tags: |
Voeg label toe
Geen labels, Wees de eerste die dit record labelt!
|
| Thư viện lưu trữ: | Trung tâm Học liệu Trường Đại học Cần Thơ |
|---|
| LEADER | 00959nam a2200253Ia 4500 | ||
|---|---|---|---|
| 001 | CTU_153687 | ||
| 008 | 210402s9999 xx 000 0 und d | ||
| 082 | |a 658.022 | ||
| 082 | |b S285/2003 | ||
| 100 | |a Scarborough, Norman M. | ||
| 245 | 0 | |a Effective small business management : | |
| 245 | 3 | |b An entrepreneurial approach | |
| 245 | 0 | |c Norman M. Scarborough, Thomas W. Zimmerer | |
| 260 | |a Upper Saddle River, New Jersey | ||
| 260 | |b Prentice-Hall | ||
| 260 | |c 2003 | ||
| 520 | |a The book presents the material needed to manage a small business and grow that business in a competitive world | ||
| 526 | |a Kinh doanh quốc tế nâng cao | ||
| 526 | |b KT916 | ||
| 650 | |a New business enterprises,New business enterprises,Small business,small business | ||
| 650 | |x Management,Management,Management,Management | ||
| 650 | |z United states,United states | ||
| 904 | |i Minh, Hải | ||
| 980 | |a Trung tâm Học liệu Trường Đại học Cần Thơ | ||